00850cam a2200277 a 450000100060000000300100000600500170001600700030003300800410003602000180007704000260009504100130012108200140013408400060014810000360015424501220019025000110031230000200032333600270034333700330037033800280040353400250043165000480045665000280050470000400053260851CO-BoRNBP20260409211245.0ta210728s2020 ck gr 000 f spa  a9789589019917 aCO-BoBNbspacCO-BoBN1 aspaheng04a823.8223 a01 aDoyle, Arthur Conan,d1859-193013aEl signo de los cuatro /cSir Arhur Conan Doyle ; [traducción del inglés al español por Arturo Costa Álvarez] a1a ed. a191 p. ;c22 cm 2rdacontentatextobtxt 2rdamediaasin mediaciónbn 2rdacarrieravolumenbnc tThe sign of the four14aNovela policíaca inglesaySiglo XIX2LEMB24aAsesinatovNovela2LEMB1 aCosta Álvarez, Arturo,etraductor